000 nam a22 a 4500
999 _c157660
_d157660
003 BLK
005 20230301171625.0
008 180410b bul|||||r ||||||| ||bul||
010 _aKNG00164609000
040 _aBLK
041 _aBUL
_cBUL
080 _aОпазване на обществения ред и спокойствие
_b351.75
_x:347.91/.95(497.2)(094.4)
_z351.75:347.91/.95(497.2)(094.4)
139 _aБългария. Закони и др. п.
_bБ 92
245 1 0 _aГраждански процесуален кодекс
_cсъстав. и ред. Елена Стойчева.
257 _aBGR
260 _aСофия
_bПари
_c1992
300 _a112 с.
_c21 см
380 _a3
490 _aБиблиотека Пари
_v3
_9206332
650 4 _aГраждански процесуален кодекс - България - законодателни и директивни материали
_9266556
653 _aГПК
653 _aграждански процес
653 _aкодекси
653 _aзакони
700 1 _aСтойчева, Елена
_eсъстав. и ред.
_9333826
710 1 _aБългария. Закони и др. п.
_9243213
852 _aЦб 169537
856 4 _qpdf
_i0.00
_ldisable
856 4 _qpdf
_i0.00
_ldisable
942 _cKNG
_n0
_s1
944 _aCR
_c02.09.2014
_l02.09.2014 - от С1,Р / 02.09.2014
_kНаталия_Любомирова
944 _aED
_c02.09.2014
_l02.09.2014 - от С1,Р / 02.09.2014
999 _d157660